000 01280nam a22002777a 4500
005 20170411152303.0
008 140714b xxu||||| |||| 00| 0 Urdu d
010 _aUR-133 B-548034 B-665907
020 _a9789350730652
_c250.00
035 _aU-133 B-548034 B-665907
037 _bBPPD/Pub/Ven
037 _bPansy Books(Vend.)/Edu. Pub. House(Pub.)
040 _aDPL
_bUrdu
082 _aن
100 _aنو شا بہ خا تو ن
245 _aنيا شو فر
_cنو شا بہ خا تو ن
246 _aNaya Chauffeur (Novel)
_bbyNaushaba Khatoon
260 _aد ھلی
_bا يجو کيشنل پبليشنگ ہا ؤس
_c2012
260 _bPansy Books(Vender)
270 _a3108،و کيل اسٹر يٹ ،کو چہ پنڈ ت ،لال کنو ا ن
_bد ھلی
_e110006
_k23216162،23214465
270 _aR2,/66/A Somesh Vihar,Chhawala
_bNew Delhi
_e110071
_k01125317355
300 _a160ص
_c22Cm (Hb)
942 _2ddc
_cUR
_e
_hن
_mن و ش
999 _c87380
_d87380